[Event "OP-2014-0-03257"]
[Site "LSS email"]
[Date "2014.01.26"]
[Round "?"]
[White "Linart, Ludvik"]
[Black "Van Dalen, Leo"]
[Result "1-0"]
[WhiteElo "875"]
[BlackElo "580"]
[PlyCount "69"]
[EventDate "2014.01.22"]
[EventType "tourn (corr)"]
[EventRounds "4"]
[EventCountry "GER"]
[SourceTitle "Telechess CBM 167"]
[Source "ChessBase"]
[SourceDate "2015.07.13"]
[SourceVersion "1"]
[SourceVersionDate "2015.07.13"]
[SourceQuality "1"]

1. d4 d5 2. c4 c6 3. cxd5 cxd5 4. Nf3 e6 5. e3 a6 6. Nc3 Nf6 7. Bd3 Be7 8. 0-0 0-0 9. Qc2 b5 10. Bd2 Bb7 11. a3 Nc6 12. Rfc1 Rc8 13. Qb1 Rc7 14. b4 Qc8 15. Ng5 g6 16. Ne2 Nd7 17. Nf3 Nb6 18. Ra2 Bf6 19. Rac2 Qd7 20. e4 Rfc8 21. Bf4 Nc4 22. Bxc4 dxc4 23. Bxc7 Rxc7 24. Rd1 Ne7 25. Nc3 Qc8 26. Rcd2 Rd7 27. Re1 Qd8 28. Red1 Bg7 29. Qc2 Nc6 30. Ne2 Ba8 31. e5 Ne7 32. Ne1 Nd5 33. g3 Qc7 34. Nc3 Qb7 35. Nxd5 1-0

[Event "LSS No Engine Cup 100 Preliminary 3"]
[Site "LSS email"]
[Date "2013.12.13"]
[Round "?"]
[White "Lombardi, Donato"]
[Black "Van Dalen, Leo"]
[Result "1-0"]
[WhiteElo "875"]
[BlackElo "580"]
[PlyCount "85"]
[EventDate "2013.12.14"]
[EventType "tourn (corr)"]
[EventRounds "6"]
[EventCountry "GER"]
[SourceTitle "Telechess CBM 167"]
[Source "ChessBase"]
[SourceDate "2015.07.13"]
[SourceVersion "1"]
[SourceVersionDate "2015.07.13"]
[SourceQuality "1"]

1. e4 c5 2. d4 cxd4 3. Qxd4 Nc6 4. Qe3 Nf6 5. Nf3 g6 6. Nc3 Bg7 7. Bd3 0-0 8. 0-0 d6 9. Re1 a6 10. Bd2 b5 11. Rad1 Bb7 12. a3 Nd7 13. Nd5 Bxb2 14. Bc3 Bxa3 15. Nd4 Nxd4 16. Bxd4 Rc8 17. Qh6 f6 18. Re3 e5 19. Rh3 Rf7 20. Ba1 Bxd5 21. exd5 Qf8 22. Bxg6 Qxh6 23. Bxf7+ Kxf7 24. Rxh6 Kg7 25. Rh3 Bc5 26. Rb3 b4 27. h3 a5 28. Bb2 a4 29. Rg3+ Kf7 30. c3 a3 31. cxb4 axb2 32. bxc5 Nxc5 33. Rb1 Rb8 34. Rc3 Na4 35. Ra3 Nc5 36. Kh2 Ne4 37. Ra2 Nc3 38. Raxb2 Rxb2 39. Rxb2 Nxd5 40. Rd2 Ke6 41. g3 Ne7 42. Kg2 d5 43. Kf3 1-0

[Event "SN-2013-0-00555"]
[Site "LSS email"]
[Date "2013.12.05"]
[Round "?"]
[White "Van Dalen, Leo"]
[Black "Rey, Dieter"]
[Result "0-1"]
[WhiteElo "580"]
[BlackElo "628"]
[PlyCount "98"]
[EventDate "2013.11.08"]
[EventType "tourn (corr)"]
[EventRounds "6"]
[EventCountry "GER"]
[SourceTitle "Telechess CBM 167"]
[Source "ChessBase"]
[SourceDate "2015.07.13"]
[SourceVersion "1"]
[SourceVersionDate "2015.07.13"]
[SourceQuality "1"]

1. d4 d6 2. Nf3 Nf6 3. c4 g6 4. g3 Bg7 5. Bg2 c6 6. 0-0 0-0 7. Nc3 Nbd7 8. Bg5 h6 9. Bxf6 Nxf6 10. e3 Bg4 11. Qc2 Qc7 12. b3 Rab8 13. Rfd1 Rfd8 14. Rd2 Rd7 15. Rad1 Rbd8 16. d5 cxd5 17. cxd5 Ne8 18. h3 Bxf3 19. Bxf3 Bxc3 20. Rd3 Bg7 21. Qxc7 Rxc7 22. R3d2 Nf6 23. e4 Rc3 24. Bg2 Rdc8 25. Kf1 h5 26. f3 Rc2 27. Ke2 Rxd2+ 28. Rxd2 Nd7 29. h4 Ne5 30. Kf2 Rc3 31. Ke2 Bh6 32. f4 Ng4 33. Bf3 Nh2 34. Bg2 Ng4 35. Rd3 Rc2+ 36. Rd2 Rxd2+ 37. Kxd2 e5 38. Kd3 f5 39. fxe5 Nxe5+ 40. Ke2 Kf8 41. a4 a5 42. Bf1 b6 43. Kf2 Ke7 44. Bc4 fxe4 45. Ke2 g5 46. hxg5 Bxg5 47. Kf2 e3+ 48. Ke2 Ng4 49. Kf3 Kf6 0-1

[Event "SN-2013-0-00531"]
[Site "LSS email"]
[Date "2013.08.11"]
[Round "?"]
[White "Van Dalen, Leo"]
[Black "Kramskoi, Vasyl"]
[Result "0-1"]
[WhiteElo "580"]
[BlackElo "1124"]
[PlyCount "42"]
[EventDate "2013.07.26"]
[EventType "tourn (corr)"]
[EventRounds "6"]
[EventCountry "GER"]
[SourceTitle "Telechess CBM 167"]
[Source "ChessBase"]
[SourceDate "2015.07.13"]
[SourceVersion "1"]
[SourceVersionDate "2015.07.13"]
[SourceQuality "1"]

1. d4 Nf6 2. c4 g6 3. Nf3 Bg7 4. g3 0-0 5. Bg2 a6 6. 0-0 Nc6 7. e3 d5 8. cxd5 Nxd5 9. Nc3 Nxc3 10. bxc3 Bg4 11. Qb3 Rb8 12. c4 b5 13. Nd2 Be2 14. Bxc6 bxc4 15. Qc3 Bxf1 16. Kxf1 Qd6 17. Qxc4 Rb6 18. Bg2 e5 19. dxe5 Bxe5 20. Rb1 Rfb8 21. Ne4 Qd1# 0-1

[Event "OP-2013-0-02930"]
[Site "LSS email"]
[Date "2013.08.08"]
[Round "?"]
[White "Chamberlain, Edwin"]
[Black "Van Dalen, Leo"]
[Result "1-0"]
[WhiteElo "1034"]
[BlackElo "789"]
[PlyCount "41"]
[EventDate "2013.08.05"]
[EventType "tourn (corr)"]
[EventRounds "4"]
[EventCountry "GER"]
[SourceTitle "Corr 2022"]
[Source "ChessBase"]
[SourceDate "2021.10.24"]
[SourceVersion "1"]
[SourceVersionDate "2021.10.24"]
[SourceQuality "1"]

1. d4 d5 2. c4 c6 3. cxd5 cxd5 4. Nc3 e6 5. Nf3 Nf6 6. Qb3 g6 7. g3 a6 8. Bg2 Bg7 9. 0-0 0-0 10. Bg5 b5 11. Rac1 Bb7 12. Ne5 Nbd7 13. e4 dxe4 14. Nxe4 Qb8 15. Nxf6+ Nxf6 16. Bxf6 Bxf6 17. Nd7 Qd6 18. Nxf6+ Kg7 19. Bxb7 Kxf6 20. Bxa8 Rxa8 21. Qf3+ 1-0

[Event "OP-2013-0-02820"]
[Site "LSS email"]
[Date "2013.06.05"]
[Round "?"]
[White "Van Dalen, Leo"]
[Black "Eichner, Dieter"]
[Result "0-1"]
[WhiteElo "694"]
[BlackElo "1745"]
[PlyCount "52"]
[EventDate "2013.06.02"]
[EventType "tourn (corr)"]
[EventRounds "4"]
[EventCountry "GER"]
[SourceTitle "Telechess CBM 161"]
[Source "ChessBase"]
[SourceDate "2014.07.16"]
[SourceVersion "1"]
[SourceVersionDate "2014.07.16"]
[SourceQuality "1"]

1. d4 d5 2. c4 e6 3. cxd5 exd5 4. Nf3 Bd6 5. g3 Nf6 6. Bg5 c6 7. Bg2 Na6 8. 0-0 0-0 9. e3 h6 10. Bxf6 Qxf6 11. Nbd2 Be6 12. a3 Bf5 13. b4 Nc7 14. Qc1 a5 15. bxa5 Rxa5 16. Nb3 Ra4 17. Nc5 Rc4 18. Qb2 Rxc5 19. Qxb7 Rc4 20. Rfc1 c5 21. Rxc4 dxc4 22. a4 cxd4 23. Nxd4 Ne6 24. Nxe6 Qxa1+ 25. Bf1 Bh3 26. Nxf8 Qxf1# 0-1

[Event "ZN-2013-0-02309"]
[Site "LSS email"]
[Date "2013.05.25"]
[Round "?"]
[White "Lauer, Fredric"]
[Black "Van Dalen, Leo"]
[Result "0-1"]
[WhiteElo "989"]
[BlackElo "694"]
[PlyCount "61"]
[EventDate "2013.05.21"]
[EventType "match (corr)"]
[EventRounds "2"]
[EventCountry "GER"]
[SourceTitle "Telechess CBM 161"]
[Source "ChessBase"]
[SourceDate "2014.07.16"]
[SourceVersion "1"]
[SourceVersionDate "2014.07.16"]
[SourceQuality "1"]

1. e4 c5 2. Nc3 d6 3. Nf3 Nf6 4. d4 cxd4 5. Nxd4 g6 6. Be3 a6 7. f3 Bg7 8. Qd2 0-0 9. 0-0-0 b5 10. Kb1 Bb7 11. Nb3 Nc6 12. Nd5 Nxd5 13. exd5 Ne5 14. h4 h5 15. Bh6 Rc8 16. Bxg7 Kxg7 17. Qd4 Qc7 18. c3 Qc5 19. Nxc5 Rxc5 20. Qf2 Bxd5 21. Qxc5 Bxa2+ 22. Kxa2 dxc5 23. Bd3 Nxd3 24. Rxd3 Rc8 25. Rhd1 Rc7 26. Rd7 Rxd7 27. Re1 e6 28. Re2 Rd3 29. Kb3 Kf6 30. Kc2 c4 31. Re1 0-1

[Event "OP-2013-0-02698"]
[Site "LSS email"]
[Date "2013.03.23"]
[Round "?"]
[White "Van Dalen, Leo"]
[Black "Kovacs, Arthur"]
[Result "0-1"]
[WhiteElo "694"]
[BlackElo "2483"]
[PlyCount "66"]
[EventDate "2013.03.18"]
[EventType "tourn (corr)"]
[EventRounds "4"]
[EventCountry "GER"]
[SourceTitle "Telechess CBM 161"]
[Source "ChessBase"]
[SourceDate "2014.07.16"]
[SourceVersion "1"]
[SourceVersionDate "2014.07.16"]
[SourceQuality "1"]

1. d4 Nf6 2. c4 e6 3. Bg5 c5 4. Nf3 cxd4 5. Nxd4 Qa5+ 6. Bd2 Qb6 7. Bc3 e5 8. Nf3 Ne4 9. e3 Nxc3 10. Nxc3 Qxb2 11. Nd5 Bb4+ 12. Nxb4 Qxb4+ 13. Nd2 b6 14. Be2 Bb7 15. 0-0 0-0 16. Qc2 Na6 17. Rfd1 Qe7 18. Nb3 Rac8 19. Rd2 Qg5 20. f3 Qxe3+ 21. Kh1 d5 22. Rd3 Nb4 23. Qd2 Qxd2 24. Rxd2 dxc4 25. Nc1 Rfd8 26. Rd1 c3 27. Nb3 Rxd1+ 28. Rxd1 c2 29. Re1 Nxa2 30. Bd3 c1Q 31. Nxc1 Rxc1 32. Rxc1 Nxc1 33. Bb5 Nb3 0-1